Automobilová reklama už není jen o technice
Jednu desatinu investícií do reklamy v Čechách predstavuje reklama na autá. Cieľ automobilovej reklamy. Nie len technické informácie, ale aj poznanie filozofie značky. Príroda v reklame na automobily. Reklama na automobily vo filme. Finančné zázemie automobiliek a kvalita reklamy.
Na minha lista:
| Autor principal: | |
|---|---|
| Formato: | Capítulo de Livro |
| Idioma: | tcheco |
| Assuntos: | |
| Tags: |
Sem tags, seja o primeiro a adicionar uma tag!
|
MARC
| LEADER | 00000naa$a2200000$$$4500 | ||
|---|---|---|---|
| 001 | 0028257 | ||
| 005 | 20231018124620.5 | ||
| 041 | 0 | |a cze | |
| 044 | |a CZ | ||
| 245 | 1 | 0 | |a Automobilová reklama už není jen o technice |c Dušan Špak |
| 520 | |a Jednu desatinu investícií do reklamy v Čechách predstavuje reklama na autá. Cieľ automobilovej reklamy. Nie len technické informácie, ale aj poznanie filozofie značky. Príroda v reklame na automobily. Reklama na automobily vo filme. Finančné zázemie automobiliek a kvalita reklamy. | ||
| 610 | 2 | 0 | |a reklama |
| 610 | 2 | 0 | |a podpora predaja |
| 610 | 2 | 0 | |a investície |
| 610 | 2 | 0 | |a automobily |
| 610 | 2 | 0 | |a značky výrobkov |
| 610 | 2 | 0 | |a značky kvality |
| 610 | 2 | 0 | |a imidž |
| 610 | 2 | 0 | |a médiá |
| 610 | 2 | 0 | |a film |
| 100 | 1 | |a Špak, Dušan | |